Kpop idols quiz (MEDIUM VER) 2026 - Statistics

General Stats
  • This quiz has been taken 69 times
  • The average score is 9 of 16
Answer Stats
Picture Answer % Correct
Jay
76%
Huening kai
75%
Ningning
71%
Sakura
71%
Soyeon
68%
S.coups
67%
Liz
63%
Soul
62%
Pharita
56%
Mingi
54%
Haerin
52%
Stella
48%
Youngseo
37%
Seonghyeon
35%
Jaehyun
22%
Sakuya
17%
No matching quizzes found
Score Distribution
Percent of People with Each Score
Percentile by Number Answered
Your Score History
You have not taken this quiz